COLLEGE PHYSICS (Record no. 569669)
[ view plain ]
| 000 -LEADER | |
|---|---|
| fixed length control field | 00272nam a22001217a 4500 |
| 082 ## - DEWEY DECIMAL CLASSIFICATION NUMBER | |
| Classification number | 530.07 SAU'C |
| 100 ## - MAIN ENTRY--PERSONAL NAME | |
| Personal name | KIRPATRICK,SAUNDERS, F. A |
| 9 (RLIN) | 59777 |
| 245 ## - TITLE STATEMENT | |
| Title | COLLEGE PHYSICS |
| 250 ## - EDITION STATEMENT | |
| Edition statement | 4TH ED |
| 260 ## - PUBLICATION, DISTRIBUTION, ETC. | |
| Place of publication, distribution, etc. | NEWYORK |
| Name of publisher, distributor, etc. | HENRY HOLT |
| Date of publication, distribution, etc. | 1953 |
| 300 ## - PHYSICAL DESCRIPTION | |
| Extent | 603P |
| 942 ## - ADDED ENTRY ELEMENTS (KOHA) | |
| Koha item type | Book |
| Withdrawn status | Lost status | Damaged status | Not for loan | Permanent Location | Current Location | Shelving location | Date acquired | Total Checkouts | Full call number | Barcode | Date last seen | Price effective from | Koha item type |
|---|---|---|---|---|---|---|---|---|---|---|---|---|---|
| College of Electrical & Mechanical Engineering (CEME) | College of Electrical & Mechanical Engineering (CEME) | General Stacks | 07/19/2017 | 530.07 SAU'C | CEME-1239 | 06/28/2021 | 06/28/2021 | Book |
